Vlajky zemí začínající na G - Statistics

General Stats
  • This quiz has been taken 77 times
  • The average score is 6 of 9
Answer Stats
Picture Answer % Correct
Ghana
96%
Gruzie
91%
Guatemala
91%
Gabon
75%
Grenada
64%
Gambie
62%
Guinea
60%
Guyana
57%
Guinea-Bissau
53%
No matching quizzes found
Score Distribution
Percent of People with Each Score
Percentile by Number Answered
Your Score History
You have not taken this quiz